[Event "GER-ch U12"]
[Site "Oberhof"]
[Date "2013.05.23"]
[Round "8"]
[White "Simon, Tim"]
[Black "Weber, Samuel"]
[Result "1-0"]
[WhiteElo "1640"]
[BlackElo "1703"]
[PlyCount "63"]
[EventDate "2013.05.19"]
[EventType "swiss"]
[EventRounds "11"]
[EventCountry "GER"]
[SourceTitle "CBM 154 Extra"]
[Source "ChessBase"]
[SourceDate "2013.06.25"]
[SourceVersion "2"]
[SourceVersionDate "2013.06.25"]
[SourceQuality "1"]

1. e4 c5 2. c3 d5 3. exd5 Qxd5 4. d4 Nf6 5. Nf3 e6 6. Be2 Be7 7. Be3 cxd4 8. cxd4 0-0 9. Nc3 Qa5 10. 0-0 Nc6 11. Qb3 Nd5 12. Nxd5 exd5 13. Rac1 a6 14. a3 Be6 15. Qxb7 Rab8 16. Qxc6 Rxb2 17. Qxa6 Ra8 18. Qxa5 Rxa5 19. Nd2 Rxa3 20. Rb1 Rxe3 21. fxe3 Rxd2 22. Rf2 Rc2 23. Rb8+ Bf8 24. Bf1 Rxf2 25. Kxf2 g5 26. Bd3 f5 27. Rb7 Bg7 28. Bb5 f4 29. Bc6 fxe3+ 30. Kxe3 Bh6 31. Rb5 g4+ 32. Ke2 1-0

[Event "GER-ch U12"]
[Site "Oberhof"]
[Date "2013.05.19"]
[Round "2"]
[White "Simon, Tim"]
[Black "Arnhold, Steffi"]
[Result "0-1"]
[WhiteElo "1640"]
[BlackElo "1273"]
[PlyCount "76"]
[EventDate "2013.05.19"]
[EventType "swiss"]
[EventRounds "11"]
[EventCountry "GER"]
[SourceTitle "CBM 154 Extra"]
[Source "ChessBase"]
[SourceDate "2013.06.25"]
[SourceVersion "2"]
[SourceVersionDate "2013.06.25"]
[SourceQuality "1"]

1. e4 c5 2. c3 Nf6 3. e5 Nd5 4. d4 d6 5. Nf3 e6 6. Be3 Be7 7. Qd2 Nc6 8. Bd3 a6 9. a4 Bd7 10. exd6 Bxd6 11. dxc5 Nxe3 12. Qxe3 Be7 13. 0-0 0-0 14. Nbd2 Rc8 15. b4 Qc7 16. Qe4 g6 17. Nb3 Bf6 18. Rfc1 Bg7 19. b5 Ne7 20. b6 Qb8 21. Ra2 Bc6 22. Qe3 Nd5 23. Qe1 Nf4 24. Be4 Rfd8 25. Bxc6 Nd3 26. Qe3 Nxc1 27. Qxc1 Qf4 28. Nfd4 Qxc1+ 29. Nxc1 Bxd4 30. Bxb7 Bxc5 31. g3 Rb8 32. Bf3 Rxb6 33. Ne2 Rd1+ 34. Kg2 Rdb1 35. c4 R6b2 36. Rxb2 Rxb2 37. Kf1 Rb4 38. h3 Rxa4 0-1

[Event "GER-chT U12"]
[Site "Verden"]
[Date "2012.12.27"]
[Round "2.2"]
[White "Kololli, Martin"]
[Black "Simon, Tim"]
[Result "1-0"]
[WhiteElo "1843"]
[BlackElo "1479"]
[PlyCount "59"]
[EventDate "2012.12.27"]
[EventType "team-swiss"]
[EventRounds "7"]
[EventCountry "GER"]
[SourceTitle "EXT 2014"]
[Source "ChessBase"]
[SourceDate "2013.11.20"]
[SourceVersion "1"]
[SourceVersionDate "2013.11.20"]
[SourceQuality "1"]
[WhiteTeam "Luebeck"]
[BlackTeam "Leipzig SG"]
[WhiteTeamCountry "GER"]
[BlackTeamCountry "GER"]

1. e4 e6 2. d4 d5 3. exd5 exd5 4. c4 Nf6 5. Nc3 Be7 6. Nf3 0-0 7. Bd3 c6 8. 0-0 dxc4 9. Bxc4 Nbd7 10. Bb3 Nb6 11. Re1 Re8 12. Ne5 Nbd5 13. Bg5 h6 14. Bh4 Be6 15. Qf3 Qb6 16. Rad1 Rad8 17. h3 Qc7 18. Ng6 Rd6 19. Bg3 Qd7 20. Nxe7+ Rxe7 21. Bxd6 Qxd6 22. Ne4 Nxe4 23. Rxe4 a6 24. Qg3 Qd7 25. Rde1 Kf8 26. Bxd5 cxd5 27. R4e3 Qa4 28. Rc1 Qxd4 29. Qd6 Qf6 30. Rc8+ 1-0

[Event "Sachsen-ch U12"]
[Site "Sebnitz"]
[Date "2012.04.11"]
[Round "3"]
[White "Schuering, Lewin"]
[Black "Simon, Tim"]
[Result "1-0"]
[WhiteElo "1438"]
[BlackElo "1316"]
[PlyCount "160"]
[EventDate "2012.04.10"]
[EventType "swiss"]
[EventRounds "7"]
[EventCountry "GER"]
[SourceTitle "CBM 148 Extra"]
[Source "ChessBase"]
[SourceDate "2012.06.22"]
[SourceVersion "1"]
[SourceVersionDate "2012.06.22"]
[SourceQuality "1"]

1. d4 Nf6 2. c4 g6 3. Nc3 d5 4. e3 Bg7 5. Qb3 e6 6. Nf3 Nc6 7. Bd3 0-0 8. cxd5 exd5 9. 0-0 Re8 10. Bb5 Bd7 11. Nxd5 Be6 12. Nxf6+ Qxf6 13. Qc3 Bd5 14. Bxc6 Bxc6 15. Ne5 Bb5 16. Re1 Rac8 17. Qb3 Ba6 18. Bd2 Qf5 19. e4 Qe6 20. Qxe6 Rxe6 21. Nf3 Rd8 22. Bc3 c6 23. Rad1 Red6 24. e5 Rd5 25. Re3 c5 26. Ree1 b5 27. a3 f6 28. exf6 Bxf6 29. Re4 Bb7 30. Rf4 Be5 31. Nxe5 Rxe5 32. h3 Re2 33. Kf1 Rc2 34. f3 b4 35. axb4 cxb4 36. Bxb4 Rxb2 37. Bc5 a5 38. Rf6 Rb5 39. Ke2 Kg7 40. Re6 a4 41. Re5 Ba6 42. Ke3 Rd7 43. Re7+ Rxe7+ 44. Bxe7 Bb7 45. Ra1 Ra5 46. Bd8 Ra8 47. Bb6 Ra6 48. Bc5 Ra5 49. Kd2 Kf6 50. Kc3 Ra6 51. Kc4 Ke6 52. Re1+ Kf6 53. Re7 Bc8 54. Rxh7 a3 55. Bxa3 Rxa3 56. h4 Be6+ 57. d5 Bf7 58. Kc5 Ra5+ 59. Kc6 Rxd5 60. Rxf7+ Kxf7 61. Kxd5 Kf6 62. Ke4 Ke6 63. g4 Kf6 64. Kf4 Kf7 65. Ke5 Kg7 66. Ke6 Kh6 67. Kf6 Kh7 68. g5 Kg8 69. Kxg6 Kf8 70. Kh7 Kf7 71. g6+ Kf6 72. g7 Kf5 73. g8Q Kf4 74. Qg5+ Kxf3 75. h5 Ke4 76. Kg6 Kd4 77. h6 Ke4 78. h7 Kd4 79. h8Q+ Kd3 80. Qhh4 Kc3 1-0

[Event "Sachsen-ch U10"]
[Site "Sebnitz"]
[Date "2011.04.29"]
[Round "6"]
[White "Simon, Tim"]
[Black "Renger, Niklas"]
[Result "0-1"]
[WhiteElo "1276"]
[BlackElo "1544"]
[PlyCount "108"]
[EventDate "2011.04.26"]
[EventType "swiss"]
[EventRounds "7"]
[EventCountry "GER"]
[SourceTitle "EXT 2012"]
[Source "ChessBase"]
[SourceDate "2011.11.24"]
[SourceVersion "1"]
[SourceVersionDate "2011.11.24"]
[SourceQuality "1"]

1. e4 c5 2. Nf3 d6 3. d4 cxd4 4. Nxd4 Nf6 5. Nc3 g6 6. Be3 Bg7 7. Bc4 0-0 8. f3 Nc6 9. Qd2 Bd7 10. 0-0-0 Rc8 11. Bb3 Nxd4 12. Bxd4 b5 13. g4 a5 14. a3 Qc7 15. g5 Nh5 16. Bxg7 Kxg7 17. e5 Bc6 18. Rhf1 dxe5 19. Qe3 Rcd8 20. Rde1 f6 21. Ne4 Bxe4 22. Qxe4 Rd4 23. Qe3 Rfd8 24. Rd1 Qd7 25. c3 Rxd1+ 26. Rxd1 Qc7 27. Rxd8 Qxd8 28. gxf6+ exf6 29. Qc5 Qd7 30. c4 bxc4 31. Bxc4 Qd8 32. b4 axb4 33. axb4 Qb8 34. b5 f5 35. b6 Kh6 36. Bd5 Nf4 37. Qc7 Qf8 38. Qxe5 Nd3+ 39. Kc2 Nxe5 40. b7 Nd7 41. Kd3 Qd6 42. Kd4 Qc5+ 43. Kd3 Qxd5+ 44. Ke3 Qxb7 45. Kf4 g5+ 46. Kxf5 Qd5+ 47. Kg4 Ne5+ 48. Kf5 Nxf3+ 49. Kf6 Qe5+ 50. Kf7 g4 51. Kf8 Kg6 52. h3 Qd6+ 53. Ke8 Kf6 54. hxg4 Qe7# 0-1